000
00270nam a2200109Ia 4500
008
200302s9999 xx 000 0 und d
100
_a
Nick Dunn
245
_a
Architectural model making 2nd ed
260
_b
Laurence King Publishing Ltd.,
260
_c
2014
300
_a
216
999
_c
6917
_d
6917